Organizatorzy Mundiali - Statystyki

Ogólne statystyki
  • Ten quiz został rozwiązany 2 543 razy
  • Średni wynik to 17 z 21
Statystyki odpowiedzi
Rok Państwo % Poprawnych
1950 Brazylia
98%
2014 Brazylia
98%
2018 Rosja
98%
1974 Niemcy
97%
2006 Niemcy
97%
1938 Francja
94%
1998 Francja
94%
2010 Republika Południowej Afryki
91%
1982 Hiszpania
90%
1994 Stany Zjednoczone
90%
1978 Argentyna
89%
1934 Włochy
89%
1990 Włochy
89%
1930 Urugwaj
88%
1970 Meksyk
83%
1986 Meksyk
83%
1966 Wielka Brytania
73%
1958 Szwecja
63%
1962 Chile
58%
1954 Szwajcaria
42%
2002 Japonia, Korea Południowa
35%
Nie znaleziono quizów pasujących do podanych kryteriów
Rozkład punktacji
Procent ludzi z każdym wynikiem
Percentyl według liczby udzielonych odpowiedzi
Twoja historia wyników
Nie rozwiązałeś tego quizu